00305nam a2200109Ia 4500008004100000041000800041082001800049100001400067245004500081260003700126300003200163240624s9999 xx 000 0 und d aeng a338.90954 ROY aROY SUBIR aMADE IN INDIA A STUDY OF EMERGING COMPET c2005aNew DelhibTata McGrawhill axiii, : 210 : p. : cm. ; 23